Detalles MARC
| 000 -CABECERA |
| campo de control de longitud fija |
00833nam a22002297a 4500 |
| 003 - IDENTIFICADOR DEL NÚMERO DE CONTROL |
| campo de control |
BPGM |
| 008 - DATOS DE LONGITUD FIJA--INFORMACIÓN GENERAL |
| campo de control de longitud fija |
260619e1981 mx o|||g |||| 000 0 spa d |
| 040 ## - FUENTE DE LA CATALOGACIÓN |
| Lengua de catalogación |
spa |
| 041 ## - CÓDIGO DE LENGUA |
| Código de lengua del texto/banda sonora o título independiente |
spa |
| Código de lengua original |
spa |
| 082 04 - NÚMERO DE LA CLASIFICACIÓN DECIMAL DEWEY |
| Número de edición |
900 |
| Número de clasificación |
008 |
| 100 ## - ENTRADA PRINCIPAL--NOMBRE DE PERSONA |
| Nombre de persona |
RAMIREZ ALVAREZ, GUADALUPE JOSE. |
| Término indicativo de función/relación |
AUTOR |
| 245 ## - MENCIÓN DE TÍTULO |
| Título |
CERRO DE LAS CAMPANAS |
| 250 ## - MENCIÓN DE EDICIÓN |
| Mención de edición |
SEGUNDA EDICION |
| Resto de la mención de edición |
1981 |
| 260 ## - PUBLICACIÓN, DISTRIBUCIÓN, ETC. |
| Lugar de publicación, distribución, etc. |
MEXICO |
| Nombre del editor, distribuidor, etc. |
GOBIERNO DEL ESTADO DE QUERETARO |
| Fecha de publicación, distribución, etc. |
1981 |
| 300 ## - DESCRIPCIÓN FÍSICA |
| Extensión |
146 paginas |
| Otras características físicas |
21.8 cm x 16.3 cm |
| 336 ## - TIPO DE CONTENIDO |
| Fuente |
rdacontent |
| Término de tipo de contenido |
texto |
| Código de tipo de contenido |
txt |
| 337 ## - TIPO DE MEDIO |
| Fuente |
rdamedia |
| Nombre/término del tipo de medio |
sin mediación |
| Código del tipo de medio |
n |
| 338 ## - TIPO DE SOPORTE |
| Fuente |
rdacarrier |
| Nombre/término del tipo de soporte |
volumen |
| Código del tipo de soporte |
nc |
| 505 ## - NOTA DE CONTENIDO CON FORMATO |
| Nota de contenido con formato |
Estas obras ilustran y evocan el fusilamiento del emperador Maximiliano de Habsburgo y sus generales Miramón y Mejía en Querétaro en 1867, un hecho clave para la República Restaurada |
| 650 ## - PUNTO DE ACCESO ADICIONAL DE MATERIA--TÉRMINO DE MATERIA |
| Fuente del encabezamiento o término |
GEOGRAFÍA E HISTORIA |
| 942 ## - ELEMENTOS DE PUNTO DE ACCESO ADICIONAL (KOHA) |
| Fuente del sistema de clasificación o colocación |
Dewey Decimal Classification |
| Tipo de ítem Koha |
Colección Querétaro |